Valoración económica del humedal de Bahía Samborombón (Registro nro. 22794)
[ vista simple ]
| 000 -LEADER | |
|---|---|
| fixed length control field | 00417 a2200133 4500 |
| 001 - CONTROL NUMBER | |
| control field | ART_6643 |
| 005 - DATE AND TIME OF LATEST TRANSACTION | |
| control field | 20260410161826.0 |
| 008 - FIXED-LENGTH DATA ELEMENTS--GENERAL INFORMATION | |
| fixed length control field | 260409a |
| 100 1# - MAIN ENTRY--PERSONAL NAME | |
| Personal name | Bertolotti, María Isabel |
| 245 10 - TITLE STATEMENT | |
| Title | Valoración económica del humedal de Bahía Samborombón |
| 700 1# - ADDED ENTRY--PERSONAL NAME | |
| Personal name | Bertoni, Marcela |
| 700 1# - ADDED ENTRY--PERSONAL NAME | |
| Personal name | Volpato, Guillermo Gustavo |
| 773 0# - HOST ITEM ENTRY | |
| Title | FACES |
| Related parts | - Año 11, Nº 23 (may./ago. 2005) |
| Record control number | REV5046 |
No hay ítems disponibles.